Afrikos sostinės - Statistics

General Stats
  • This quiz has been taken 696 times
  • The average score is 20 of 54
Answer Stats
Šalis Sostinė % Correct
Alžyras Alžyras
95%
Egiptas Kairas
72%
Bisau Gvinėja Bisau
57%
Libija Tripolis
57%
Tunisas Tunisas
57%
Angola Luanda
56%
Džibutis Džibutis
54%
Marokas Rabatas
54%
Gana Akra
53%
Čadas Ndžamena
52%
Madagaskaras Antananaryvas
51%
Centrinės Afrikos Respublika Bangis
49%
Kenija Nairobis
48%
Senegalas Dakaras
45%
Nigerija Abudža
43%
Malis Bamakas
41%
Kongo Demokratinė Respublika Kinšaša
40%
Etiopija Adis Abeba
39%
Sudanas Chartumas
39%
Botsvana Gaboronas
39%
Kamerūnas Jaundė
39%
Nigeris Niamėjus
39%
Beninas Porto Novas
39%
Burkina Fasas Uagadugu
39%
Kongas Brazavilis
38%
Eritrėja Asmara
37%
Pietų Afrikos Respublika Pretorija / Keiptaunas / Blumfonteinas
37%
Pietų Sudanas Džuba
35%
Dramblio Kaulo Krantas Jamusukras
35%
Gabonas Librevilis
33%
Tanzanija Dodoma
32%
Mauritanija Nuakšotas
32%
Somalis Mogadišas
31%
Mozambikas Maputu
30%
Esvatinis Mbabanė
28%
San Tomė ir Prinsipė San Tomė
27%
Burundis Gitega
26%
Gvinėja Konakris
25%
Seišeliai Viktorija
25%
Zimbabvė Hararė
24%
Malavis Lilongvė
24%
Namibija Vindhukas
24%
Gambija Bandžulis
23%
Zambija Lusaka
23%
Lesotas Maseru
23%
Liberija Monrovija
23%
Togas Lomė
21%
Uganda Kampala
20%
Siera Leonė Fritaunas
19%
Ruanda Kigalis
18%
Pusiaujo gvinėja Malabas
18%
Komorai Moronis
17%
Žaliasis Kyšulys Praja
17%
Mauricijus Port Luisas
15%
No matching quizzes found
Score Distribution
Percent of People with Each Score
Percentile by Number Answered
Your Score History
You have not taken this quiz